Diplomat in carpet slippers : Abraham Lincoln deals with foreign affairs

Salvato in:
Dettagli Bibliografici
Autore principale: Monaghan, Jay
Natura: Libro
Lingua:Undetermined
Pubblicazione: New York The Bobbs-Merrill Company 1945
Tags: Aggiungi Tag
Nessun Tag, puoi essere il primo ad aggiungerne! !
Thư viện lưu trữ: Trung tâm Học liệu Trường Đại học Cần Thơ
LEADER 00502nam a2200181Ia 4500
001 CTU_77662
008 210402s9999 xx 000 0 und d
082 |a 973.72 
082 |b M734 
100 |a Monaghan, Jay 
245 0 |a Diplomat in carpet slippers : 
245 0 |b Abraham Lincoln deals with foreign affairs 
245 0 |c Jay Monaghan 
260 |a New York 
260 |b The Bobbs-Merrill Company 
260 |c 1945 
904 |i Năm 
980 |a Trung tâm Học liệu Trường Đại học Cần Thơ